| 000 | 00464nam a2200193Ia 4500 | ||
|---|---|---|---|
| 005 | 20240823005820.0 | ||
| 008 | 240823s9999||||xx |||||||||||||| ||und|| | ||
| 041 | _aENGLISH | ||
| 082 | _A005.133 N8 | ||
| 100 | _a"Abbey,Michael" | ||
| 245 | 0 | _aOracle8: A Beginner s Guide | |
| 250 | _a1st | ||
| 260 |
_c1998 _b"TMH,New Delhi" |
||
| 500 | _aYES | ||
| 650 |
_aOracle _bComputer Applications |
||
| 700 | _a" Corey,Michael J" | ||
| 942 | _cBK | ||
| 999 |
_c156805 _d156805 |
||